| 000 | 00749nam a2200217Ia 4500 | ||
|---|---|---|---|
| 001 | 12807 | ||
| 003 | GE_BSU | ||
| 008 | 181216s||||||||xx |||||||||||||| ||und|| | ||
| 040 | _cGE_BSU | ||
| 080 | _a631.4(479.22) | ||
| 100 | _aДараселия,М.К. | ||
| 245 | _aДинамика почвенных растворов красноземных почв | ||
| 245 | _bИтоги многолетних лизиметрических исследовании | ||
| 260 | _aТбилиси | ||
| 260 | _bМецниереба | ||
| 260 | _c1974 | ||
| 300 | _a225стр.илл.20см. | ||
| 300 | _cБиблиогр.с.215-220 | ||
| 653 | _aДинамика почвенных растворов красноземных почв | ||
| 942 | _cBK | ||
| 999 |
_c45978 _d45978 |
||